[Event "Moscu Open 2010 - C"]
[Site "Moscu RUS"]
[Date "2010.02.06"]
[Round "8.1"]
[White "Zhao, Xue"]
[Black "Paehtz, Elisabeth"]
[Result "1-0"]
[WhiteElo "2504"]
[BlackElo "2484"]
[PlyCount "119"]
[EventDate "2010.01.30"]
[EventType "swiss"]
[EventRounds "9"]
[EventCountry "RUS"]
[Source "lmi"]
[SourceDate "2010.01.30"]

1. d4 d5 2. c4 c6 3. Nc3 Nf6 4. e3 g6 5. Nf3 Bg7 6. Bd3 O-O 7. O-O Bg4 8. h3
Bxf3 9. Qxf3 e6 10. Rd1 Nbd7 11. b3 Re8 12. Bb2 a5 13. Qe2 Qb6 14. Rac1 Bf8 15.
Qc2 Rac8 16. Re1 Qa7 17. Rcd1 Bg7 18. a3 e5 19. dxe5 Nxe5 20. cxd5 Nxd5 21.
Nxd5 cxd5 22. Qb1 Nc6 23. Bxg7 Kxg7 24. Qb2+ Kg8 25. Be2 Rcd8 26. Bf3 Re5 27.
Re2 Qc5 28. Red2 f6 29. g3 Kg7 30. Kh2 Rd6 31. Bg2 Rd8 32. Rd3 Rd6 33. b4 axb4
34. axb4 Qb5 35. Rb3 Ree6 36. Bf1 Qb6 37. b5 Ne5 38. Bg2 Qd8 39. Rd4 Re7 40.
Rc3 Red7 41. Qb4 Qb6 42. Rc8 Rd8 43. Rc5 R8d7 44. Rcxd5 Rxd5 45. Rxd5 Qd8 46.
Rxd7+ Qxd7 47. b6 Nf7 48. Qc5 Qd2 49. f4 Nd6 50. Qc7+ Kg8 51. Qd8+ Kf7 52. Qd7+
Kg8 53. Qe6+ Kg7 54. Qe7+ Kg8 55. Qxf6 Nf5 56. Qe6+ Kg7 57. Qe5+ Kh6 58. Qf6
Qb4 59. g4 Nxe3 60. Qg5+ 1-0